000 00637cam a22002291 4500
001 sa 66005514
003 DLC
005 20260227112249.0
008 900126s1963 ii 100 0 maro
010 _asa 66005514
035 _a(OCoLC)20961369
040 _aDLC
_cWaU
_dDLC
042 _apremarc
043 _aa-ii---
050 0 0 _aLB2853.I5
_bM3 1962
111 2 _aMarāṭhī Sāhitya Sammelana,
_n44th,
_cSātārā,
_d1962.
245 1 0 _aMarāṭhī pāṭhyapustakāñce svarūpa, bhāshā va racanā.
260 _c1963.
300 _a7, 95 p.
_c22 cm.
500 _aIn Marathi.
650 0 _aTextbooks
_zIndia
_zMaharashtra.
999 _c69970
_d69970